Movie Picture Click - Norman Reedus - Statistics

General Stats
  • This quiz has been taken 14 times
  • The average score is 6 of 11
Answer Stats
Hint Answer % Correct
Ballerina
73%
American Gangster
64%
Blade 2
64%
Moscow Chill
64%
The Bikeriders
64%
The Boondock Saints II: All Saints Day
55%
Air
45%
Octane
36%
Six Ways to Sunday
36%
Sky
36%
The Boondock Saints
36%
No matching quizzes found
Score Distribution
Percent of People with Each Score
Percentile by Number Answered
Your Score History
You have not taken this quiz